Avez-vous vu le film Wonka ? - Statistiques

Statistiques générales
  • Ce quiz a été pris 375 fois
  • Le résultat moyen est 7 sur 10
Statistiques - réponses
Question Réponse % Correct
Pourquoi Mme Scrubbit drague-t-elle finalement Bleacher ? Elle pense qu'il est aristocrate
94%
Quel acteur interprète le rôle de Willy Wonka ? Timothée Chalamet
94%
Comment Willy Wonka décrit-il un Oompa Loompa ? Un petit homme orange avec les cheveux verts
91%
Quelle était la spécialité des premiers chocolats que Willy Wonka fait goûter aux passants ? Ils font voler
82%
Qu'est ce que Noodle tente d'apprendre à Willy Wonka ? A lire
79%
Comment s'appelle la mère de Noodle ? Dorothy Smith
73%
Quel acteur interprète le rôle du Oompa Loompa ? Hugh Grant
67%
Où se situe le repère secret de la cabale chocolatée ? Sous l'église
55%
Combien de fèves de cacao Willy Wonka a-t-il volé aux Loompas ? Quatre fèves de cacao
33%
Qui a réalisé ce film ? Paul King
30%
Aucun quiz correspondant
Distribution des résultats
% des personnes avec chaque résultat
Percentile par nombre de réponses
Votre historique - résultats
Vous n’avez pas pris ce quiz